000
00257nam a2200097Ia 4500
001
704893
005
20250826162419.0
008
250824s9999 xx 000 0 und d
245
0
_a
SEÇME ŞİİRLER VE YAZILAR
_c
ARİF NİHAT ASYA
260
_b
KÜLTÜR YAYINLARI
999
_c
704893
_d
704893